| 000 | 00532nam a22001577a 4500 | ||
|---|---|---|---|
| 003 | SGT | ||
| 020 | _a9788131754429 | ||
| 082 | _a658,KUL | ||
| 100 | _aKULKARNI,J.A | ||
| 245 | _aCASE STUDIES IN MANAGEMENT | ||
| 260 |
_aNEW DELHI _bPEARSON _c2011 |
||
| 300 | _a96 | ||
| 650 | _aMANAGEMENT | ||
| 653 | _aHUMAN RESOURCES AND INDUSTRIAL RELATIONS MANAGEMENT,MARKETING MANAGEMENT,FINANCE MANAGEMENT,OPERATIONS MANAGEMENT AND ENTREPRENEURSHIP,MERGERS AND ACQUISITIONS, CORPORATE GOVERNANCE AND INNOVATIONS MANAGEMENT | ||
| 942 |
_2ddc _cFCM |
||
| 999 |
_c8838 _d8838 |
||